000
00240nam a2200097Ia 4500
001
690314
005
20250826161814.0
008
250824s9999 xx 000 0 und d
245
0
_a
KARILAR KOĞUŞU
_c
KEMAL TAHİR
260
_b
İTHAKİ YAYINLARI
999
_c
690314
_d
690314